| 000 | 01406nam a22002657a 4500 | ||
|---|---|---|---|
| 005 | 20160523165057.0 | ||
| 010 | _aENG-115136 | ||
| 020 |
_a9789385288685 _c350.00 |
||
| 035 | _aEN-98668 | ||
| 037 | _bDBAD/PUB | ||
| 082 | _a509.2 | ||
| 100 | _aAndraka, Jack | ||
| 245 |
_aBreakthrough : _bhow one teen innovator is changing the world / _cby Jack Andraka [and] Matthew Lysiak |
||
| 260 |
_aNew Delhi _bSpeaking Tiger _c2015 |
||
| 270 |
_a4381/4 Ansari Road, Daryaganj, _bNew Delhi _e110002 |
||
| 300 |
_a239p. : _c24cm(pbk) _bill. |
||
| 505 | _aIntroduction: The intervention -- Growing up Andraka -- The geek in the closet -- A recipe for disaster -- The knowledge cure -- Remember the patient -- Failing upward -- Cancer paper boy -- Oh my God, we killed Morley Safer -- Breakthrough -- The school of Jack : experiments, tips, and facts. | ||
| 520 | _a"Teen scientist Jack Andraka chronicles his development of an inexpensive early detection test for pancreatic, ovarian, and lung cancer, and recounts his own personal story of overcoming depression and homophobic bullying. Includes hands-on science experiments"--From publisher description. | ||
| 600 |
_aAndraka, Jack, _d1997- |
||
| 650 |
_aScientists _vBiography. |
||
| 650 |
_aCancer _xEarly detection |x Research. |
||
| 650 | _a Medical innovations. | ||
| 700 | _aLysiak, Matthew | ||
| 942 |
_2ddc _cEN _mAND _h509.2 |
||
| 999 |
_c100045 _d100045 |
||